[Event "GER-chT U10"]
[Site "Magdeburg"]
[Date "2014.12.29"]
[Round "6.4"]
[White "Sieber, Paale"]
[Black "Berger, Jan Peter"]
[Result "0-1"]
[WhiteElo "600"]
[BlackElo "600"]
[PlyCount "72"]
[EventDate "2014.12.27"]
[EventType "team-swiss"]
[EventRounds "7"]
[EventCountry "GER"]
[SourceTitle "EXT 2016"]
[Source "ChessBase"]
[SourceDate "2015.10.08"]
[SourceVersion "1"]
[SourceVersionDate "2015.10.08"]
[SourceQuality "1"]
[WhiteTeam "Leipzig Gruen Weiss II"]
[BlackTeam "Luebeck II"]
[WhiteTeamCountry "GER"]
[BlackTeamCountry "GER"]

1. e4 e5 2. Bc4 Bc5 3. Qf3 Nf6 4. d3 d6 5. Bg5 Nc6 6. Nh3 Nb4 7. Bxf6 gxf6 8. Qh5 Qe7 9. Bb5+ c6 10. Bc4 b5 11. Na3 bxc4 12. Nxc4 d5 13. exd5 cxd5 14. Na3 Rg8 15. 0-0 Bb7 16. Qxh7 0-0-0 17. Qf5+ Kb8 18. Nb5 d4 19. Nf4 exf4 20. Qxf4+ Kc8 21. Qf5+ Rd7 22. Nxa7+ Bxa7 23. g3 Nxc2 24. Qh7 Rdd8 25. Rac1 Qc7 26. Qf5+ Kb8 27. Qxf6 Qd7 28. Rxc2 Qd5 29. Qf4+ Ka8 30. f3 Rh8 31. Rc8+ Rxc8 32. Re1 Qh5 33. Re7 Qxh2+ 34. Kf1 Qxb2 35. Rxf7 Rh2 36. Rxb7 Qf2# 0-1

[Event "GER-chT U10"]
[Site "Magdeburg"]
[Date "2014.12.28"]
[Round "4.3"]
[White "Muehl, Sophia"]
[Black "Sieber, Paale"]
[Result "1-0"]
[WhiteElo "600"]
[BlackElo "600"]
[PlyCount "41"]
[EventDate "2014.12.27"]
[EventType "team-swiss"]
[EventRounds "7"]
[EventCountry "GER"]
[SourceTitle "EXT 2016"]
[Source "ChessBase"]
[SourceDate "2015.10.08"]
[SourceVersion "1"]
[SourceVersionDate "2015.10.08"]
[SourceQuality "1"]
[WhiteTeam "Raesfeld Erle"]
[BlackTeam "Leipzig Gruen Weiss II"]
[WhiteTeamCountry "GER"]
[BlackTeamCountry "GER"]

1. e4 e5 2. Nf3 Nc6 3. Bc4 Nf6 4. d3 Bc5 5. Bg5 Bxf2+ 6. Kxf2 d6 7. Nc3 Bg4 8. h3 Bxf3 9. Qxf3 0-0 10. Nd5 Nd4 11. Nxf6+ Kh8 12. Qe3 Nxc2 13. Qf3 Nxa1 14. Nxh7 Qe8 15. Nxf8 Qxf8 16. Bxf7 d5 17. exd5 Qc5+ 18. Be3 Qc2+ 19. Kg3 Qxd3 20. Rxa1 e4 21. Qh5# 1-0